[Event "CP-2017-P-00024"]
[Site "LSS email"]
[Date "2017.09.27"]
[Round "?"]
[White "Zmolil, Karel"]
[Black "Siger, Csaba"]
[Result "0-1"]
[WhiteElo "1268"]
[BlackElo "1899"]
[PlyCount "22"]
[EventDate "2017.10.01"]
[EventType "tourn (corr)"]
[EventRounds "6"]
[EventCountry "GER"]
[SourceTitle "Corr 2022"]
[Source "ChessBase"]
[SourceDate "2021.10.24"]
[SourceVersion "1"]
[SourceVersionDate "2021.10.24"]
[SourceQuality "1"]

1. Nf3 Nf6 2. g3 c5 3. Bg2 Nc6 4. 0-0 e5 5. d3 d5 6. c3 Be7 7. b3 0-0 8. Bb2 h6 9. Nbd2 Be6 10. Re1 e4 11. dxe4 dxe4 0-1

[Event "WC-2017-P-00002"]
[Site "LSS email"]
[Date "2017.01.23"]
[Round "?"]
[White "Goreczny, Grzegorz"]
[Black "Siger, Csaba"]
[Result "1/2-1/2"]
[WhiteElo "2166"]
[BlackElo "1858"]
[PlyCount "116"]
[EventDate "2017.02.01"]
[EventType "tourn (corr)"]
[EventRounds "12"]
[EventCountry "GER"]
[SourceTitle "Corr 2022"]
[Source "ChessBase"]
[SourceDate "2021.10.24"]
[SourceVersion "1"]
[SourceVersionDate "2021.10.24"]
[SourceQuality "1"]

1. e4 c6 2. d4 d5 3. Nc3 dxe4 4. Nxe4 Bf5 5. Ng3 Bg6 6. h4 h6 7. Nf3 Nd7 8. h5 Bh7 9. Bd3 Bxd3 10. Qxd3 Qc7 11. Bd2 e6 12. 0-0-0 Be7 13. Ne4 Ngf6 14. Nxf6+ Nxf6 15. Ne5 Rd8 16. g4 c5 17. Qb5+ Nd7 18. Nxd7 Rxd7 19. dxc5 a6 20. Qa4 0-0 21. c6 Rd5 22. Bf4 Qxc6 23. Qxc6 bxc6 24. Rhg1 Bc5 25. Rg2 f6 26. c4 Rxd1+ 27. Kxd1 Kf7 28. Bd2 Bd4 29. b3 Ke7 30. f3 Rd8 31. Kc2 e5 32. f4 Kf7 33. Ba5 Rd7 34. f5 Bc5 35. Rd2 Ke7 36. Rxd7+ Kxd7 37. Bc3 Kd6 38. b4 Ba7 39. Kd3 Bg1 40. a4 a5 41. b5 Bb6 42. Be1 c5 43. Bd2 Kd7 44. Ke4 Kd6 45. Bc1 Bc7 46. Be3 Bd8 47. Bd2 Bc7 48. Be3 Bd8 49. Bd2 Bc7 50. Bc3 Bd8 51. Kf3 Bc7 52. Ke4 Bb6 53. Be1 Bc7 54. Bg3 Bb6 55. Be1 Bc7 56. Bd2 Bb6 57. Bc3 Bd8 58. Kd3 Bc7 1/2-1/2